A. WESLEY POWELL LEARNING RESOURCE CENTRE (WPLRC)

Wonderful Place to Learn, Research & Collaborate

Internet marketing : (Record no. 2036)

MARC details
000 -LEADER
fixed length control field 00890pam a2200301 a 4500
001 - ACCESSION NUMBER
control field 36917,40645
003 - CONTROL NUMBER IDENTIFIER
control field UkOxU
005 - DATE AND TIME OF LATEST TRANSACTION
control field 20150106100045.0
008 - FIXED-LENGTH DATA ELEMENTS--GENERAL INFORMATION
fixed length control field 030630s2004 maua b 001 0 eng d
015 ## - NATIONAL BIBLIOGRAPHY NUMBER
National bibliography number GBA2U5533
Source bnb
020 ## - INTERNATIONAL STANDARD BOOK NUMBER
International Standard Book Number 0618150439
035 ## - SYSTEM CONTROL NUMBER
System control number (UkOxU)UkOxUw12318875
035 ## - SYSTEM CONTROL NUMBER
System control number (OCoLC)ocm52407468
035 ## - SYSTEM CONTROL NUMBER
System control number (Uk)012269982
040 ## - CATALOGING SOURCE
Original cataloging agency StDuBDS
Modifying agency Uk
Transcribing agency ddc
042 ## - AUTHENTICATION CODE
Authentication code ukblsr
050 00 - LIBRARY OF CONGRESS CALL NUMBER
Classification number HF5415.1265
Item number .S534 2004
082 00 - DEWEY DECIMAL CLASSIFICATION NUMBER
Classification number 658.872
Edition number 22
100 1# - MAIN ENTRY--PERSONAL NAME
Personal name Siegel, Carolyn F.
245 10 - TITLE STATEMENT
Title Internet marketing :
Remainder of title foundations and applications /
Statement of responsibility, etc. Carolyn Siegel.
260 ## - PUBLICATION, DISTRIBUTION, ETC. (IMPRINT)
Place of publication, distribution, etc. Boston, Mass. :
Name of publisher, distributor, etc. Houghton Mifflin,
Date of publication, distribution, etc. c2004.
300 ## - PHYSICAL DESCRIPTION
Extent xvi, 404 p. :
Other physical details ill. ;
Dimensions 24 cm.
500 ## - GENERAL NOTE
General note Includes bibliographical references and index.
650 #0 - SUBJECT ADDED ENTRY--TOPICAL TERM
Topical term or geographic name as entry element Internet marketing.
650 #0 - SUBJECT ADDED ENTRY--TOPICAL TERM
Topical term or geographic name as entry element Internet advertising.
942 ## - ADDED ENTRY ELEMENTS (KOHA)
Source of classification or shelving scheme Dewey Decimal Classification
Koha item type Books
Holdings
Withdrawn status Lost status Source of classification or shelving scheme Damaged status Not for loan Home library Current library Date acquired Total Checkouts Full call number Barcode Date last seen Price effective from Koha item type
    Dewey Decimal Classification   Not For Loan Wesley Powell Learning Resource Centre Wesley Powell Learning Resource Centre 01/06/2015   RBC/658.872 SIE 36917 01/06/2015 01/06/2015 Books
    Dewey Decimal Classification     Wesley Powell Learning Resource Centre Wesley Powell Learning Resource Centre 01/06/2015   RBC/658.872 SIE 40645 01/06/2015 01/06/2015 Books